| 000 | 00484nam a2200181 a 4500 | ||
|---|---|---|---|
| 005 | 20140310183455.0 | ||
| 008 | 090807s19uu xx 00 eng d | ||
| 050 |
_aR 726.5 _b.B4267 1990 |
||
| 100 | _aWiener, Jerry M. | ||
| 245 |
_aBehavioral science / _cJerry M. Wiener |
||
| 250 | _a2nd ed. | ||
| 260 |
_aBaltimore : _bWilliams and Wilkins, _c1990. |
||
| 300 |
_a387 p. : _c23 cm. |
||
| 521 | _aNUR | ||
| 650 | _aBehavioral Science. | ||
| 942 |
_cBK _2lcc _kFOR |
||
| 999 |
_c23591 _d23591 |
||